LIBRARY & INFORMATION CENTRE, KCAET, TAVANUR

ONLINE PUBLIC ACCESS CATALOGUE (OPAC)

Text book of electrical technology / (Record no. 7203)

MARC details
000 -LEADER
fixed length control field 00379cam a2200133ua 4500
008 - FIXED-LENGTH DATA ELEMENTS--GENERAL INFORMATION
fixed length control field 241125b |||||||| |||| 00| 0 eng d
041 ## - LANGUAGE CODE
Language code of text/sound track or separate title eng
082 ## - DEWEY DECIMAL CLASSIFICATION NUMBER
Classification number 621.3
Item number DES/TE
100 ## - MAIN ENTRY--AUTHOR NAME
Personal name Theraja, BL and Theraja, AK
245 ## - TITLE STATEMENT
Title Text book of electrical technology /
260 ## - PUBLICATION, DISTRIBUTION, ETC. (IMPRINT)
Place of publication New Delhi :
Name of publisher Nirja Construction and Development ,
Year of publication 1989.
300 ## - PHYSICAL DESCRIPTION
Number of Pages 1867 ; .
942 ## - ADDED ENTRY ELEMENTS (KOHA)
Koha item type Books
Holdings
Withdrawn status Lost status Damaged status Home library Current library Date acquired Full call number Accession Number Koha item type
      KAUAET KAUAET 07/04/2012 621.3 16726 Books
free website counter